Case laws on medical negligence (Record no. 493693)

000 -LEADER
fixed length control field 00537cam a22001577a 4500
008 - FIXED-LENGTH DATA ELEMENTS--GENERAL INFORMATION
fixed length control field 180718b2005 xxu||||| |||| 00| 0 eng d
082 ## - DEWEY DECIMAL CLASSIFICATION NUMBER
Classification number O1x54 G959
100 ## - MAIN ENTRY--PERSONAL NAME
Personal name Gupta, Rakesh
245 ## - TITLE STATEMENT
Title Case laws on medical negligence
Statement of responsibility, etc. by Rakesh Gupta and Vandana Singh
260 ## - PUBLICATION, DISTRIBUTION, ETC.
Place of publication, distribution, etc. Delhi
Name of publisher, distributor, etc. Indian Institute of Public Administration
Date of publication, distribution, etc. 2005
300 ## - PHYSICAL DESCRIPTION
Extent 137p.
650 ## - SUBJECT ADDED ENTRY--TOPICAL TERM
Topical term or geographic name entry element Consumer protection - Law and legislation - India
650 ## - SUBJECT ADDED ENTRY--TOPICAL TERM
Topical term or geographic name entry element Medical policy - India
650 ## - SUBJECT ADDED ENTRY--TOPICAL TERM
Topical term or geographic name entry element Medical care - Law and legislation - India
700 ## - ADDED ENTRY--PERSONAL NAME
Personal name Singh, Vandana
Holdings
Withdrawn status Lost status Damaged status Not for loan Permanent Location Current Location Date acquired Full call number Barcode Date last seen Price effective from Koha item type
        Indian Institute of Public Administration Indian Institute of Public Administration 2018-08-04 O1x54 G959 GR19628 2018-08-04 2018-08-04 GR
        Indian Institute of Public Administration Indian Institute of Public Administration 2018-08-04 O1x54 G959 GR18399 2018-08-04 2018-08-04 GR
        Indian Institute of Public Administration Indian Institute of Public Administration 2018-08-04 O1x54 G959 GR18119 2018-08-04 2018-08-04 GR

Powered by Koha